Relámpagos interiores (Record no. 179077)

MARC details
000 -LEADER
campo de control de longitud fija 00892nam a2200241 4500
001 - NÚMERO DE CONTROL
campo de control 179077
003 - IDENTIFICADOR DE NÚMERO DE CONTROL
campo de control ES-MaACL
005 - FECHA Y HORA DE LA ÚLTIMA TRANSACCIÓN
campo de control 20240610115822.0
008 - DATOS DE LONGITUD FIJA--INFORMACIÓN GENERAL
campo de control de longitud fija 110902s2010 sp aco |||| |dspa d
020 ## - NÚMERO INTERNACIONAL ESTÁNDAR DEL LIBRO
Número Internacional Estándar del Libro 978-84-95919-55-7
080 ## - NÚMERO DE LA CLASIFICACIÓN DECIMAL UNIVERSAL
Número de la Clasificación Decimal Universal 821.134.2-14"19"
100 1# - ENTRADA PRINCIPAL--NOMBRE DE PERSONA
Nombre de persona Díez Serrano, Isabel.
9 (RLIN) 44650
245 10 - MENCIÓN DEL TÍTULO
Título Relámpagos interiores
Resto del título : antología 1984-2010 /
Mención de responsabilidad, etc. Isabel Díez Serrano.
250 ## - MENCION DE EDICION
Mención de edición 1ª ed.
260 ## - PUBLICACIÓN, DISTRIBUCIÓN, ETC.
Lugar de publicación, distribución, etc. San Lorenzo de El Escorial (Madrid) :
Nombre del editor, distribuidor, etc. Creación,
Fecha de publicación, distribución, etc. 2010.
300 ## - DESCRIPCIÓN FÍSICA
Extensión 317 p. :
Otras características físicas il., fot. ;
Dimensiones 23 cm.
504 ## - NOTA DE BIBLIOGRAFÍA, ETC.
Nota de bibliografía, etc. Bibliografía.
700 1# - ENTRADA AGREGADA--NOMBRE PERSONAL
Nombre de persona Van-Halen, Juan,
Fechas asociadas al nombre 1944-
9 (RLIN) 138919
852 ## - LOCALIZACIÓN
Ubicación ES-MaACL
Número de control de estantería A-11464
Nota libre Dedicatoria autógrafa de la autora
itemnumber 185946
Sublocalización o colección R.146074
Ubicación en estantería Depósito 1
Signatura antigua Olim: N-4468
Encuadernación Donación: Isabel Díez Serrano
903 ## - NOMBRE PERSONAL DE DONANTE
9 44650
a Díez Serrano, Isabel
e Donante
942 ## - ELEMENTOS DE ENTRADA SECUNDARIOS (KOHA)
Fuente del sistema de clasificación o colocación Clasificación decimal universal
Tipo de ítem Koha Libro impreso
Holdings
Estatus retirado Estado de pérdida Fuente del sistema de clasificación o colocación Estado de daño No para préstamo Biblioteca de origen Biblioteca actual Ubicación en estantería Fecha de adquisición Fuente de adquisición Total de préstamos Signatura topográfica completa Código de barras Visto por última vez Precio de reemplazo Tipo de ítem Koha Nota pública
    Clasificación decimal universal     Biblioteca del Ateneo de Madrid Biblioteca del Ateneo de Madrid Depósito 1 02/09/2011 Donación   A-11464 1188110 23/02/2023 23/02/2023 Libro impreso Dedicatoria autógrafa de la autora